00823nam a2200205 a 450000100100000000500170001000800410002702000180006804000250008610000370011124501030014826000610025130000210031249000310033370000460036471000470041083000380045795201050049599900170060000004212720201002035945.0131114s2009 gt 000 0 spa d a9789992212790 aDO-SdBNPbspacBNPHU1 aMonteforte Toledo, Mario.96911510aCuentos de derrota y esperanza /cMario Monteforte Toledo; edición José Luis Perdomo Orellana. aGuatemala :bFundación Maria Monteporte Toledo,c2009. a189 p. ;c22 cm.1 aMario Monteforte Toledov61 aPerdomo Orellana, José Luiseed.9691162 aFundación Maria Monteporte Toledo969117 0aMario Monteforte Toledov6969118 001050718MOaGRbGRcCTd2013-11-14iLF1l0o p42127-10r2020-06-25w2020-06-25y1ZNo se presta c41616d41616